| 000 | 00836nam a22002177a 4500 | ||
|---|---|---|---|
| 005 | 20100726155155.0 | ||
| 010 | _aENG-96896 | ||
| 020 |
_a9788175348349 _c1450.00 |
||
| 035 | _aEN-80429 | ||
| 037 | _bDBAD/PUB | ||
| 082 | _a343.54071 | ||
| 100 |
_aBarowalia, J.N. _91559 |
||
| 245 |
_aCommentary on the consumer protection act / _cby J.N. Barowalia; foreword by Justice M.B. Shah |
||
| 250 | _a4th ed | ||
| 260 |
_aDelhi _bUniversal Law Publishing _c2010 |
||
| 270 |
_aC-FF-1A, Dilkhush Industrial Estate, G.T. Karnal Road, _bDelhi _e110033 |
||
| 300 |
_axciv, 1454p. _c25cm, (Hb) |
||
| 500 | _aincludes index | ||
| 942 |
_2ddc _cEN _e4th ed _h343.54071 _mBAR |
||
| 999 |
_c37785 _d37785 |
||